Biorefineries - industrial processes and products: status quo and future directions
Enregistré dans:
| Auteurs principaux: | , , |
|---|---|
| Format: | Livre |
| Langue: | anglais |
| Publié: |
Weinheim
Wiley-VCH verl.
2010
|
| Sujets: | |
| Accès en ligne: | Voir à l'OPAC |
| Tags: |
Pas de tags, Soyez le premier à ajouter un tag!
|
MARC
| LEADER | 00000nam a2200000 a 4500 | ||
|---|---|---|---|
| 005 | 20260127134356.0 | ||
| 008 | 110426 2010 gw 000 0 eng d | ||
| 020 | |a 9783527329533 | ||
| 035 | |a vtls010273512 | ||
| 039 | 9 | |y 201104260859 |z mschk03 | |
| 040 | |a STUSCHK1 |b slo |c STUSCHK1 |e AACR2 | ||
| 080 | |a 660.63 | ||
| 100 | 1 | |a Kamm, Birgit | |
| 245 | 1 | |a Biorefineries - industrial processes and products: |b status quo and future directions |c ed. by Birgit Kamm , Patrick R. Gruber, Michael Kamm | |
| 260 | |a Weinheim |b Wiley-VCH verl. |c 2010 | ||
| 300 | |a xlvi, 406, 497 s. |b ill. |c 24 cm | ||
| 650 | 0 | |a biomasse | |
| 650 | 0 | |a raffination | |
| 650 | 0 | |a anlagenplanung | |
| 650 | 0 | |a processentwicklung | |
| 700 | 1 | |a Gruber, Patrivk R. |4 aut | |
| 700 | 1 | |a Kamm, Michael |4 aut | |
| 910 | |a SCHK95 | ||
| 919 | |a 978-3-52732953-3 | ||
| 999 | |c 11209 |d 11209 | ||